| 000 | 00910nam a2200265 a 4500 | ||
|---|---|---|---|
| 003 | SISC | ||
| 005 | 20170302100557.0 | ||
| 008 | 111018s19uu xx 00 eng d | ||
| 010 | _a2009043551 | ||
| 020 | _a9780135125663 | ||
| 050 |
_aHF 5549 _b.C297 2011 |
||
| 100 | _aCascio, Wayne F. | ||
| 245 |
_aApplied psychology in human resource management / _cWayne F. Cascio, Herman Aguinis. |
||
| 250 | _a7th edition. | ||
| 260 |
_aUpper Saddle River, NJ : _bPrentice Hall, _c2011. |
||
| 300 |
_axx, 531 pages : _billustrations ; _c26 cm. |
||
| 500 | _aIncludes bibliographical references (p. 464-516) and indexes. | ||
| 650 |
_aPersonnel management _xPsychological aspects. |
||
| 650 | _aPsychology, Industrial. | ||
| 650 |
_aPersonnel management _zUnited States. |
||
| 650 |
_aPsychology, Industrial _xUnited States. |
||
| 700 |
_aAguinis, Herman. _41966- |
||
| 942 |
_cBK _2lcc _kFOR |
||
| 999 |
_c24477 _d24477 |
||